Ultimas aventuras del sargento Lamb / (Record no. 75891)

MARC details
000 -LEADER
campo de control de longitud fija 00745nam a2200253 i 4500
001 - NÚMERO DE CONTROL
campo de control 75891
003 - IDENTIFICADOR DE NÚMERO DE CONTROL
campo de control ES-MaACL
005 - FECHA Y HORA DE LA ÚLTIMA TRANSACCIÓN
campo de control 20250110131544.0
007 - CAMPO FIJO DE DESCRIPCIÓN FÍSICA--INFORMACIÓN GENERAL
campo de control de longitud fija t|
008 - DATOS DE LONGITUD FIJA--INFORMACIÓN GENERAL
campo de control de longitud fija 040928s1985 sp ||||1| spa d
020 ## - NÚMERO INTERNACIONAL ESTÁNDAR DEL LIBRO
Número Internacional Estándar del Libro 84-350-0516-X
100 1# - ENTRADA PRINCIPAL--NOMBRE DE PERSONA
Nombre de persona Graves, Robert.
9 (RLIN) 59783
245 10 - MENCIÓN DEL TÍTULO
Título Ultimas aventuras del sargento Lamb /
Mención de responsabilidad, etc. Robert Graves ; traducción de Cayetano Romano ; revisión de Carmen Camps.
250 ## - MENCION DE EDICION
Mención de edición [1ª ed.].
260 ## - PUBLICACIÓN, DISTRIBUCIÓN, ETC.
Lugar de publicación, distribución, etc. Barcelona :
Nombre del editor, distribuidor, etc. Edhasa,
Fecha de publicación, distribución, etc. 1985.
300 ## - DESCRIPCIÓN FÍSICA
Extensión 301 p. ;
Dimensiones 24 cm.
490 1# - MENCIÓN DE SERIE
Mención de serie Narrativas
700 1# - ENTRADA AGREGADA--NOMBRE PERSONAL
Nombre de persona Romano, Cayetano.
9 (RLIN) 99248
700 1# - ENTRADA AGREGADA--NOMBRE PERSONAL
Nombre de persona Camps, Carmen.
9 (RLIN) 34310
830 0# - PUNTO DE ACCESO ADICIONAL DE SERIE-TÍTULO UNIFORME
Título uniforme Narrativas (Edhasa)
9 (RLIN) 183509
852 ## - LOCALIZACIÓN
Ubicación ES-MaACL
Número de control de estantería L-10180
Sublocalización o colección R.110742
942 ## - ELEMENTOS DE ENTRADA SECUNDARIOS (KOHA)
Fuente del sistema de clasificación o colocación Clasificación decimal universal
Holdings
Estatus retirado Estado de pérdida Estado de daño No para préstamo Biblioteca de origen Biblioteca actual Ubicación en estantería Fecha de adquisición Fuente de adquisición Total de préstamos Signatura topográfica completa Código de barras Visto por última vez Precio de reemplazo Tipo de ítem Koha
        Biblioteca del Ateneo de Madrid Biblioteca del Ateneo de Madrid Depósito 2 17/01/2008     L-10180 1079429 23/02/2023 23/02/2023 Libro impreso